La historia de Hispania según el calendario húngaro : (Record no. 181028)

MARC details
000 -LEADER
campo de control de longitud fija 01117nam a2200277 i 4500
001 - NÚMERO DE CONTROL
campo de control 181028
003 - IDENTIFICADOR DE NÚMERO DE CONTROL
campo de control ES-MaACL
005 - FECHA Y HORA DE LA ÚLTIMA TRANSACCIÓN
campo de control 20231203062938.0
008 - DATOS DE LONGITUD FIJA--INFORMACIÓN GENERAL
campo de control de longitud fija 121002s2009 xr abjo f |||| |dspa d
020 ## - NÚMERO INTERNACIONAL ESTÁNDAR DEL LIBRO
Número Internacional Estándar del Libro 978-963-87864-6-3
040 ## - FUENTE DE CATALOGACIÓN
Centro/agencia transcriptor ES-MaACL
080 ## - NÚMERO DE LA CLASIFICACIÓN DECIMAL UNIVERSAL
Número de la Clasificación Decimal Universal 94(460)"0711/1492"(059.3)
080 ## - NÚMERO DE LA CLASIFICACIÓN DECIMAL UNIVERSAL
Número de la Clasificación Decimal Universal 930.24
100 1# - ENTRADA PRINCIPAL--NOMBRE DE PERSONA
Nombre de persona Sánchez de Almodóvár, García.
9 (RLIN) 151541
Término indicativo de función/relación Autor
245 13 - MENCIÓN DEL TÍTULO
Título La historia de Hispania según el calendario húngaro :
Resto del título la batalla de Simancas que determinó todo : 200 años que conmueven el mundo /
Mención de responsabilidad, etc. García Sánchez de Almodóvar
260 ## - PUBLICACIÓN, DISTRIBUCIÓN, ETC.
Lugar de publicación, distribución, etc. Larnaca :
Nombre del editor, distribuidor, etc. J & V Transtrading Ltd.,
Fecha de publicación, distribución, etc. [2009]
300 ## - DESCRIPCIÓN FÍSICA
Extensión 136 p. :
Otras características físicas il. col. y n., mapas ;
Dimensiones 24 cm.
546 ## - NOTA DE IDIOMA
Nota de lengua/lenguaje Textos en español, alemán e inglés.
650 07 - PUNTO DE ACCESO ADICIONAL DE MATERIA--TÉRMINO DE MATERIA
Término de materia o nombre geográfico como elemento de entrada Cronología histórica.
9 (RLIN) 11458
651 #7 - PUNTO DE ACCESO ADICIONAL DE MATERIA--NOMBRE GEOGRÁFICO
Nombre geográfico España-
Subdivisión general Historia-
Subdivisión cronológica 0711-1492, Reconquista.
9 (RLIN) 8217
852 ## - LOCALIZACIÓN
Ubicación ES-MaACL
itemnumber 187911
Sublocalización o colección R.147092
Número de control de estantería A-12244
Signatura antigua Olim: N-5249
Ubicación en estantería Depósito 1
Donativo/Legado Donación: Real Academia Española
914 ## - NOMBRE ENTIDAD DE DONANTE
RLIN 6336
Nombre de congreso/reunión o jurisdicción como elemento de entrada Real Academia Española
Unidad subordinada Donante
942 ## - ELEMENTOS DE ENTRADA SECUNDARIOS (KOHA)
Tipo de ítem Koha Libro impreso
Suprimir en OPAC No
Holdings
Estatus retirado Estado de pérdida Fuente del sistema de clasificación o colocación Estado de daño No para préstamo Biblioteca de origen Biblioteca actual Ubicación en estantería Fecha de adquisición Fuente de adquisición Total de préstamos Signatura topográfica completa Código de barras Visto por última vez Tipo de ítem Koha
    Clasificación decimal universal     Biblioteca del Ateneo de Madrid Biblioteca del Ateneo de Madrid Depósito 1 02/10/2012 Donación   A-12244 1190238 23/02/2023 Libro impreso